000 00440nam a2200181Ia 4500
005 20250423095923.0
008 250422s9999 xx 000 0 und d
020 _a9780702055737
050 _aRE 46 .B69/
100 _aBowling, Brad
245 0 _aKanski’s clinical ophthalmology: a systematic approach
250 _a8th ed.
260 _bElsevier
260 _c2016
300 _a917 p
650 _aOphthalmology.
942 _cBK
999 _c31734
_d31734